[Event "Sharjah Masters 2nd"]
[Site "Sharjah"]
[Date "2018.04.17"]
[Round "8"]
[White "Adhiban, Baskaran"]
[Black "Eljanov, Pavel"]
[Result "1/2-1/2"]
[WhiteElo "2661"]
[BlackElo "2700"]
[Annotator "Adhiban,B"]
[PlyCount "50"]
[EventDate "2018.04.12"]
[EventType "swiss"]
[EventRounds "9"]
[EventCountry "UAE"]
[SourceTitle "CBM 186"]
[Source "ChessBase"]
[SourceDate "2018.09.14"]
[SourceVersion "1"]
[SourceVersionDate "2018.09.14"]
[SourceQuality "1"]

{This game was personal as I looking to avenge my loss against him in the Tata
Steel Masters 2017.} 1. e4 e5 2. Nf3 Nc6 3. Bb5 Nf6 {I decided it was time I
refuted the Berlin!} 4. O-O Nxe4 5. d4 Nd6 6. Ba4 $5 {I had wanted to try this
out for a while already. At this point while I was roaming around Safarli came
up to me and said, "I will use your lines and you use mine :)!" to which I
replied, "Deal". And also it was hilarious to see the funny expression of Wang
Hao who had more or less labelled me as "Crazy Patzer" and I have done nothing.
..but just confirm that fact :).} e4 ({Let us have a look at the games of some
of the experts in this line.} 6... exd4 7. c3 $1 {Yes this is how it's done!}
Be7 ({The following game is dedicated to greedy people like my dear friend
Vidit.} 7... dxc3 8. Nxc3 Be7 9. Nd5 O-O 10. Re1 Bf6 11. Bf4 Ne8 12. Rxe8 $1
Qxe8 13. Nxc7 Qe4 14. Bd6 Rb8 15. Bc2 Qg4 16. Bxf8 Kxf8 17. Qd6+ Be7 18. Re1 $1
g6 19. Qd2 Qh5 20. Nd5 Bd8 21. Qc3 f6 22. Nxf6 Ba5 23. Nxd7+ Bxd7 24. Qf6+ Kg8
25. Bb3+ Qd5 26. Bxd5+ Be6 27. Bxe6# {1-0 (27) Showalter,J-Pillsbury,H New
York 1897, and this game is a good example of why greediness is bad for life.})
(7... d3 8. Qxd3 Be7 9. Bf4 O-O 10. c4 (10. Re1 {was stronger.}) 10... Ne8 ({
Both the players missed this enterprising defensive resource:} 10... Nb4 $1 11.
Qe2 (11. Qc3 Ne4) (11. Qb3 a5 $1 {followed by b6 next.}) 11... b6 {and the
bishop gets activated via the long diagonal.}) 11. Nc3 d6 12. h3 Be6 13. Rad1
Nf6 14. Rfe1 Nh5 15. Bc1 g6 16. Bxc6 bxc6 17. Nd4 Qd7 18. Qf3 Bxc4 19. Nxc6 Be6
20. Bh6 Rfe8 21. g4 Ng7 22. Ne4 f5 23. Nc5 fxg4 24. Qc3 Bf6 25. Qxf6 Qf7 26.
Qxf7+ Bxf7 27. Nd7 Rxe1+ 28. Rxe1 Be6 29. Nf6+ Kf7 30. Nxh7 {1-0 (30) Safarli,
E (2680)-Vignesh,N (2411) Dubai UAE 2017}) 8. cxd4 {The following is a
masterpiece by one of the creators of this system!} O-O 9. Nc3 Nf5 10. d5 Nb8
11. d6 $1 {Oh yes!! Played like a true gambiteer!} Nxd6 12. Bc2 {Study the
classics they said...Win games they said....} Ne8 13. Re1 Nc6 14. Nd5 g6 15.
Bh6 Ng7 16. Rxe7 Nxe7 17. Bg5 Re8 18. Nf6+ Kh8 19. Qd4 Rf8 20. Nxh7 Kxh7 21.
Qh4+ Kg8 22. Bxe7 Qe8 23. Ng5 Nh5 24. Qxh5 {1-0 (24) Ganguly,S (2579)
-Ismagambetov,A (2420) New Delhi 2006}) 7. Ne5 Be7 (7... b5 8. Bb3 Na5 9. Bxf7+
Nxf7 10. Nxf7 Kxf7 11. Qh5+ {is a funny trick which is completely winning but
still Black managed to draw in (Safarli-Balogh 2015)}) ({The first official
world champion chose} 7... g6 $5 {in a simul but around 100 years ago in 1907!!
} 8. Nc3 (8. f3 Bg7 9. fxe4 O-O 10. Bb3 Nxe5 11. dxe5 Bxe5 12. Qd5 Qe7 13. Bh6
Bxh2+ 14. Kxh2 Qh4+ 15. Kg1 Qxh6 16. Nc3 Qg7 17. Rf3 Ne8 18. Raf1 c6 19. Qg5 d5
20. exd5 Nd6 21. dxc6 bxc6 22. Qc5 Nf5 23. Qxc6 Qd4+ 24. R1f2 Bd7 25. Qd5 Be6
26. Qxd4 Nxd4 27. Rf6 Nxb3 28. axb3 Kg7 29. Na4 Rac8 30. R6f4 Rfd8 31. b4 Rd1+
32. Kh2 Bf5 33. c3 h5 34. Rf1 Rcd8 35. Rxd1 Rxd1 36. Rf2 Kf6 37. Nc5 h4 38.
Ne4+ Ke7 39. Ng5 Re1 40. Nf3 Re4 41. b5 Rf4 42. b3 Be4 43. Re2 Kd6 44. Nd4 g5
45. Ra2 f5 46. Ra6+ Kd5 47. Rg6 g4 48. Kg1 Bd3 49. Kh2 Rf1 {0-1 (49) Showalter,
J-Lasker,E USA 1901}) 8... Bg7 9. Re1 O-O 10. Nxe4 Nxe4 11. Rxe4 Qe7 $1 ({
Another possibility is} 11... Nxe5 12. dxe5 d5 13. exd6 Qxd6 $1 14. Qxd6 cxd6
15. Bb3 Bf5 16. Re7 a5 $5 17. a4 Rab8 {should end in a draw.}) 12. Re1 Qd6 $1 {
A funny manoeuvre which gives full equality.}) 8. Nc3 O-O 9. Re1 a6 $5 ({
The suspicious looking} 9... f5 {is the preference of the computer}) 10. Nxe4 (
10. Bb3 Na5 11. Bd5 (11. Nd5 c6) 11... c6 12. b4 cxd5 13. bxa5 f6 ({The
computer doesn't appreciate our analysis and gives} 13... Qxa5 14. Bd2 Nf5 15.
Nxe4 Qa4 $1 {as completely advantageous for black.}) 14. Ng4 Qxa5 15. Bd2 Nc4
16. Nxe4 Nxd2 17. Nxd2 Bb4 18. c3 $1 Bxc3 19. Nh6+ {was a fun line which we
found in Post-mortem. Yes this was more entertaining than the game itself :).}
Kh8 (19... gxh6 20. Qg4+ Kf7 (20... Kh8 21. Re7 Rg8 22. Qf5)) 20. Nf7+ $11)
10... Nxe4 11. Rxe4 Nxe5 12. dxe5 (12. Rxe5 d5 {is also nothing.}) 12... d5 13.
exd6 Bxd6 14. Bf4 Bxf4 15. Rxf4 {For some reason I was bit worried in this
position, I think I should study lots of simple positions (for ex Ulf
Andersson games) and play training games in that. Maybe it was because I got
nothing out of the opening?} (15. Qxd8 Bxh2+ (15... Rxd8 16. Rxf4 Be6) 16. Kxh2
Rxd8 17. Re7 Be6 18. Rxc7 b5 19. Bb3 Rac8 20. Rxc8 Rxc8 21. Bxe6 fxe6 22. c3
Rd8 23. Re1 Kf7 24. Re2) 15... Be6 ({Also fine is} 15... Qg5 16. g3 (16. Qf3
Be6 17. g3 $5 (17. Bb3) 17... Qe5 $11) 16... Be6 $11) 16. Bb3 (16. Qxd8 Raxd8
17. Bb3 Rd2 {was uncalled for :).}) 16... Qxd1+ 17. Rxd1 Rad8 18. Rfd4 Rxd4 19.
Rxd4 Bxb3 (19... c5 20. Re4 Rd8 21. Kf1 Bxb3 22. axb3 Kf8 $11) 20. axb3 Re8 21.
Kf1 Kf8 22. Rd7 Re7 23. Rd8+ Re8 24. Rd7 Re7 25. Rd8+ Re8 {At least I tried...}
1/2-1/2

[Event "Vojvodina-ch 6th"]
[Site "Novi Sad"]
[Date "2015.07.28"]
[Round "6"]
[White "Lukovic, Vladimir"]
[Black "Atalik, Suat"]
[Result "1/2-1/2"]
[WhiteElo "2417"]
[BlackElo "2564"]
[Annotator "Atalik,S"]
[PlyCount "86"]
[EventDate "2015.07.25"]
[EventType "swiss"]
[EventRounds "9"]
[EventCountry "YUG"]
[SourceTitle "EXT 2016"]
[Source "ChessBase"]
[SourceDate "2015.10.08"]
[SourceVersion "1"]
[SourceVersionDate "2015.10.08"]
[SourceQuality "1"]

1. e4 e5 2. Nf3 Nc6 3. Bb5 Nf6 4. O-O Nxe4 5. d4 (5. Re1 Nd6 6. Nxe5 Be7 7. Bf1
{became topical once again.}) 5... Be7 {The so called Rio de Janeiro Variation.
} 6. Re1 $5 (6. Qe2 Nd6 7. Bxc6 bxc6 8. dxe5 Nb7 {are the main lines.}) 6...
Nd6 7. dxe5 Nxb5 8. a4 d6 9. axb5 Nxe5 10. Nxe5 dxe5 11. Qxd8+ Kxd8 12. Rxe5
Bd6 13. Re2 Bg4 14. f3 Bf5 15. Na3 $146 (15. Be3 Re8 16. Kf2 b6 17. Na3 Kc8 18.
Nc4 Bf8 $15 {is known by the established theory.}) 15... Re8 (15... Bd7 $142 $5
) 16. Rxe8+ Kxe8 17. Be3 Bxa3 $6 {My winning attempt was really meek.} (17...
a6 18. Nc4) (17... b6 18. Nc4 Bf8 19. Bf4 Bc5+ 20. Kh1 Kd8 21. Ne5 f6 22. Nc6+
Kc8 23. Rd1 Bd7 24. h4 a6 25. c4 axb5 26. cxb5 Ra2 27. Kh2 Bd6 28. Bxd6 cxd6
29. Re1 $11 {is a line which is composed of moves being far from nor forced,
neither convincing.}) 18. bxa3 (18. Rxa3 Bxc2 19. Bf4 (19. Rc3 Ba4 20. Rxc7 b6
$11 {even this should be equal with this much activity.}) 19... c6 20. bxc6
bxc6 $11 {Equal but still a lot of play.}) 18... a6 19. Bf4 $1 (19. c4 $2 Be6
20. bxa6 Rxa6 21. c5 Kd7 $17 {This may be something to play on.}) 19... axb5 (
19... Kd7 $2 20. Rd1+ Kc8 21. Rd5 $1 {is absolutely not the way to play for
Black.} (21. b6 cxb6 22. c4 $44)) 20. Bxc7 b4 (20... Bxc2 21. Bd6 $11) 21. Bd6
bxa3 22. Rxa3 {White has to exchange the rooks.} (22. Bxa3 $2 Bxc2 23. Re1+ Kd8
$17) 22... Rxa3 23. Bxa3 Bxc2 24. Kf2 Bd3 25. Ke3 Bf1 26. g3 Kd7 (26... Bh3 $5)
27. h4 g6 28. f4 Bh3 29. Kd4 Ke6 30. Bb4 Kf5 31. Ke3 Bg2 32. Ba3 Kg4 33. Kf2
Be4 34. Bb4 h5 35. Ba3 b5 36. Bb4 f5 37. Bd6 Bd5 38. Be7 Bf7 39. Bd6 Bd5 40.
Be7 {This is what Black gets the most but he needs his pawn on b3 for a real
try.} g5 41. Bxg5 $1 ({Unnecessary but even} 41. hxg5 h4 42. gxh4 Kxf4 43. h5
Bf7 44. g6 Be8 45. g7 Bf7 46. h6 Bg8 47. Bf6 $11) ({or} 41. fxg5 f4 42. gxf4
Kxh4 43. g6+ Kg4 44. Bd6 $11 {are doomed to end up as draws.}) 41... b4 42. Bf6
b3 43. Be5 Be4 1/2-1/2

[Event "Bhopal op"]
[Site "Bhopal"]
[Date "2017.12.24"]
[Round "5"]
[White "Sangma, Rahul"]
[Black "Atalik, Suat"]
[Result "1/2-1/2"]
[WhiteElo "2311"]
[BlackElo "2545"]
[Annotator "Atalik,S"]
[PlyCount "41"]
[EventDate "2017.12.21"]
[EventType "swiss"]
[EventRounds "10"]
[EventCountry "IND"]
[SourceTitle "CBM 183"]
[Source "ChessBase"]
[SourceDate "2018.03.14"]
[SourceVersion "1"]
[SourceVersionDate "2018.03.14"]
[SourceQuality "1"]

1. e4 e5 2. Nf3 Nc6 3. Bb5 Nf6 4. O-O Nxe4 5. Re1 Nd6 6. Nxe5 Be7 7. Bf1 Nxe5
8. Rxe5 O-O 9. d4 Bf6 10. Re1 (10. Re2 $5 b6 11. Re1 {is fashionable.}) 10...
Re8 11. Rxe8+ Nxe8 12. d5 d6 13. c3 $146 Bg5 (13... c6 $5) 14. Nd2 (14. f4 Bh6
$5) 14... Bd7 (14... Nf6 15. Nc4) 15. h3 (15. Nc4 Bxc1 16. Rxc1 Qg5) 15... Nf6
16. Nc4 Bxc1 17. Rxc1 a5 (17... Qe7 18. Qd4) 18. Ne3 (18. Qd4 Qe7) 18... Qb8 (
18... Qe7 19. Qb3) 19. Qd4 (19. Qf3 Qe8 $1 (19... Qa7 20. Bd3 Re8 21. g4) 20.
Qf4 (20. Bd3 Qe5) 20... Qe4 $11) 19... Qa7 20. Qxa7 (20. Rd1 $142 Qxd4 21. Rxd4
h5 $11) 20... Rxa7 21. Rd1 {Nothing to write home about.} (21. Rd1 Ra8 $11)
1/2-1/2

[Event "GRE-chT 36th"]
[Site "Kallithea"]
[Date "2008.07.09"]
[Round "5.4"]
[White "Gavrilakis, Nikolaos"]
[Black "Atalik, Suat"]
[Result "1/2-1/2"]
[WhiteElo "2429"]
[BlackElo "2585"]
[Annotator "Atalik,S"]
[PlyCount "49"]
[EventDate "2008.07.06"]
[EventType "team-tourn"]
[EventRounds "7"]
[EventCountry "GRE"]
[SourceTitle "CBM 125"]
[Source "ChessBase"]
[SourceDate "2008.07.30"]
[SourceVersion "1"]
[SourceVersionDate "2008.07.30"]
[SourceQuality "1"]

1. e4 e5 2. Nf3 Nc6 3. Bb5 Nf6 4. O-O Nxe4 5. Re1 Nd6 6. Nxe5 Be7 7. Bf1 O-O 8.
d4 Nf5 {This time I have delayed the exchange.} (8... Nxe5 9. Rxe5 Bf6 10. Re1
$11) 9. c3 Nxe5 10. Rxe5 d6 11. Re1 Be6 $6 (11... d5 12. Nd2 c6 13. Nf3 Nh4 $11
) (11... c6 12. Nd2 d5 13. Nf3 Nh4 $11 {are sister lines leading to complete
equality.}) 12. d5 $1 $14 {An unexpected thrust by my opponent!} Bd7 13. Nd2 {
Now White enjoys a space advantage and he is better.} g6 14. Ne4 Ng7 15. Bh6 f5
16. Nd2 $1 (16. Qd4 Rf7 17. Nd2 Bf6 $11) 16... Bg5 17. Bxg5 Qxg5 18. Nf3 Qf6
19. Qb3 $1 $16 b5 $5 {Positionally this one is the only move.} (19... Rab8 20.
Bb5 Bxb5 21. Qxb5 c5 $1 $16 {and this line's existence escaped my attention.})
20. Nd4 $6 {It may turn out to be the case that at this particular point he
lost his advantage.} (20. c4 bxc4 21. Qxc4 Rfc8 22. b4 $16) ({Even} 20. Bxb5
Rab8 21. Bxd7 Rxb3 22. axb3 $16 {is possible.}) 20... a6 21. Ne6 $5 {This
looked impossible before he did it.} Rfc8 (21... Nxe6 22. dxe6 Bc6 23. c4 Rfe8
24. cxb5 Bxb5 25. Bxb5 axb5 26. Rac1 (26. e7+ Kg7 27. Re6 Ra3 $5 28. Qxb5 Rxa2
$13) 26... c5 27. Rcd1 Qe7 $14 {with an acceptable position for Black.}) (21...
Bxe6 22. dxe6 Qe7 (22... Rfe8 $6 23. a4 c6 24. axb5 axb5 25. Rxa8 Rxa8 26. c4
b4 27. Qxb4 c5 28. Qb6 Nxe6 29. Qxd6 Kf7 30. b4 $16 {and White is clearly
better.}) 23. a4 (23. c4 c6 (23... b4 $2 24. c5 $1 $16)) 23... c6 24. axb5 axb5
25. Rxa8 Rxa8 26. c4 b4 27. Qxb4 Nxe6 $14 {is the difference compared to 22...
Rfe8?!}) 22. Nxg7 {He chickened out and clarified the situation at once.} (22.
g3 c5) (22. Re2 c5 23. Rae1 Re8 24. g3 a5 $132) 22... Kxg7 23. Re2 Re8 24. Rae1
Rxe2 (24... f4 25. c4 $1 $132 (25. f3 Rxe2 26. Rxe2 Re8 27. Rxe8 Bxe8 28. Bd3
Qe5 29. Be4 c5 $15)) 25. Rxe2 {And he offers a draw.} (25. Rxe2 Re8 26. Rxe8
Bxe8 27. Qa3 Qe5 28. Qxa6 Qxd5 29. Qc8 Qc6 {or} (29... Qf7 $11 {leads to a
balanced position.})) 1/2-1/2

[Event "Kalamaria op 7th"]
[Site "Kalamaria"]
[Date "2010.08.28"]
[Round "4"]
[White "Zdebskaja, Natalia"]
[Black "Atalik, Suat"]
[Result "0-1"]
[WhiteElo "2383"]
[BlackElo "2607"]
[Annotator "Atalik,S"]
[PlyCount "66"]
[EventDate "2010.08.25"]
[EventType "swiss"]
[EventRounds "9"]
[EventCountry "GRE"]
[SourceTitle "CBM 138 Extra"]
[Source "ChessBase"]
[SourceDate "2010.10.29"]
[SourceVersion "1"]
[SourceVersionDate "2010.10.29"]
[SourceQuality "1"]

{An interesting day since my opponent's hubby GM Drozdovskij was playing on
the second board against Katya. How should we call these, a family duel?} 1. e4
e5 2. Nf3 Nc6 3. Bb5 Nf6 4. O-O (4. d3 $5 d6 5. O-O Be7 $5 6. c3 O-O 7. Nbd2
Bd7 8. Re1 Re8 9. Nf1 Bf8 $13 {is another interesting line.}) 4... Nxe4 5. Re1
$5 {A solid line.} Nd6 6. Nxe5 Be7 7. Bf1 (7. Bd3 $5 O-O 8. Nc3 (8. Qh5 f5)
8... Nxe5 9. Rxe5 c6 10. b3 Ne8 11. Qf3 d5 12. Bb2 Bf6 13. Re2 Nc7 14. Na4 (14.
Ba3 Re8) 14... Bxb2 15. Nxb2 Ne6 16. c3 Qd6 17. Rae1 Bd7 $11 {and Black
equalizes.}) 7... Nf5 $5 {A relatively new attempt} ({rather than the known} 
7... O-O 8. d4 Nf5 9. c3 Nxe5 10. Rxe5 d6 11. Re1 d5 12. Nd2 (12. Bf4 Nh4 13.
Nd2 Bf5 (13... c6) 14. Nf3 Ng6 $11) 12... Nh4 $11) (7... Nxe5 8. Rxe5 O-O 9. d4
Bf6 10. Re1 Nf5 11. c3 d5 12. Bf4 Nh4 13. Nd2 c6 14. Bd3 Bf5 $11) 8. Bd3 $2 {
This is an overambitious attempt to refute Black's strategy. I assume any move
of this kind which is against the rules of chess strategy is condemned to be
refuted.} (8. c3 O-O 9. d4 d5 $5 {is a funny option.}) (8. Nf3 $5 {has its
points.} d5 9. d4 O-O 10. c3 Bd6 11. Bd3 Nce7 12. Nbd2 c6 $11) 8... d5 $1 {
I am not afraid of double pawns neither ghosts.} 9. Nxc6 (9. Qg4 Nxe5 10. Rxe5
g6 $15 {and no problem for Black.}) 9... bxc6 10. Qf3 (10. Bxf5 Bxf5 11. d3 O-O
12. Nd2 Bd6 (12... Bf6 $5) 13. Nf3 Qf6 $15) 10... Nd4 11. Qh5 Ne6 12. Nc3 g6
13. Qf3 (13. Qh6 Bg5 (13... Bf8 14. Qe3 Bg7 15. Qc5 Qd6 $15) 14. Qg7 Bf6 15.
Qh6 Qe7 $15) 13... O-O 14. b3 Bd6 (14... Bg5 $5 {is another good idea but it
is not directed towards the king.}) 15. Bb2 {Now it is clear that Black is
better, what matters is how to deliver a real punch.} Qg5 $6 {I have only
outsmarted myself} ({by not playing the obvious} 15... Qh4 $1 16. g3 Ng5 17.
Qe3 Qh5 18. Be2 Bg4 19. h4 Ne6 20. Bxg4 Qxg4 21. Ne2 c5 $17 {which is crystal
clear.}) 16. Ne2 f5 $1 {Black should keep the queens over the board.} (16...
Nf4 $6 17. Nxf4 Bxf4 18. h4 $1 Qg4 19. Qxg4 Bxg4 20. f3 Be6 $13) 17. Rad1 Qh4 (
17... Qh6 18. Ng3 (18. g3 $2 f4) 18... f4 19. Ne4 $1 Be7 (19... dxe4 20. Rxe4
$44) 20. Bf1 $13 {and it is amazing that the knight stands right there and it
is not easy to touch it.}) 18. g3 Qg4 $1 {With the weaknesses on f3 and h3
queen exchange became a real possibility.} 19. Nd4 (19. Qxg4 fxg4 20. Nd4 Ng5
21. Kg2 Bd7 $17) 19... Ng5 $6 (19... Nxd4 20. Qxg4 fxg4 21. Bxd4 Bf5 22. Bxf5
Rxf5 $11 {is possible.}) 20. Qg2 f4 21. f3 Qh5 $1 (21... Qd7 22. g4 Qg7 23. Rb1
(23. Bc3 Bc5) 23... Bc5 24. c3 $13 {and Black's attack fades away.}) 22. g4 Qh4
23. Nxc6 Bd7 ({Obvious tactics do not work immediately.} 23... Nh3+ $2 24. Kf1
Bxg4 25. Ne7+ Bxe7 26. Rxe7 Qxe7 27. Qxg4 $18) 24. Ne7+ $3 {This one loses the
exchange but it is a great move!} (24. Nd4 a6 $1 25. Kf1 c5 26. Ne2 h5 $17) ({
However} 24. Ne5 $1 {is possible.} Rae8 25. Bf1 (25. Kf1 Bxe5 26. Bxe5 h5 27.
h3 hxg4 28. hxg4 c6 $5 (28... Nxf3 29. Qxf3 Bxg4 30. Qxd5+ Kh7 31. Qc6 Bh3+ 32.
Kg1 Rf6 $3 33. Qf3 $1 (33. Bxf6 $2 Qg3+ 34. Kh1 f3 35. Qxc7+ Qxc7 36. Rxe8 Bg2+
37. Kg1 Qb6+ 38. Re3 Qxf6 $19) 33... Rfe6 34. Re3 $3 Qg5+ 35. Kh2 Bg4 36. Qxf4
Qxf4+ 37. Bxf4 Rxe3 38. dxe3 Bxd1 39. Kg3 $44) 29. Bxg6 Nxf3 30. Qxf3 Bxg4 31.
Qf2 Qh1+ 32. Qg1 Qf3+ $11) 25... Bxe5 26. Rxe5 h5 27. h3 Rxe5 28. Bxe5 d4 $1
$40 {and Black opens all the roads to White's king.}) 24... Bxe7 25. Rxe7 Nh3+
(25... Nxf3+ $4 26. Qxf3 Qxe7 27. Qxd5+ Qe6 28. Bc4 $18 {is what we call a
flash of stupidity.}) 26. Qxh3 Qxe7 27. Qh6 $1 $132 {Now during the time
scrable I have become exteremely nervous remembering that in a similar
situation after having picked up an exchange I was stone cold lost against
Katya.} Rab8 {Black has to play Bb5 to get rid of pair of bishops.} 28. Kg2 $2
$138 ({And I was right to be nervous.} 28. Bxg6 $1 Rb6 29. Ba3 $1 c5 30. Bxh7+
Qxh7 31. Qxh7+ Kxh7 32. Bxc5 Rc8 33. Bxb6 axb6 34. Re1 Kg6 35. Re7 Bc6 36. Kf2
Kf6 37. Rh7 d4 $13 {and Black also has some chances.}) 28... Qf7 $2 $138 (28...
Rf7 $142 $1 {would have parried all the threats.} 29. Kh3 (29. Bxg6 $2 Qe2+ $19
) (29. c4 d4) 29... Rb6) 29. Bd4 $2 {She errs again.} ({White is still better
after either} 29. Re1 Rfe8 30. Re5 Rxe5 31. Bxe5 Bb5 32. Bxb5 Rxb5 33. Qg5 Rb8
34. Bxf4 Rf8 35. Kg3 $16) ({or} 29. c4 $40) 29... Bb5 30. c4 $2 {A very bad
move exposing the bishops on the d-line.} (30. Bxa7 $2 Bxd3 31. Bxb8 Qe7 $1 $19
) 30... dxc4 31. bxc4 (31. Be4 Rfd8 $19) 31... Rbd8 $17 32. Bc5 $4 {This one
was gross!} (32. cxb5 Rxd4 33. Bc2 Qe7 34. Bb3+ Kh8 35. Re1 Rxd2+ 36. Kh3 Qg7
37. Qxg7+ (37. Qg5 Qb2) 37... Kxg7 38. Re7+ Kh6 $17) 32... Rxd3 33. Bxf8 (33.
cxb5 Rfd8 34. Bb4 Qc4 $19) (33. Qxf8+ Qxf8 34. Bxf8 Bc6 {is similar.}) 33...
Bc6 $1 0-1

[Event "Panormo zt"]
[Site "Panormo"]
[Date "1998.10.28"]
[Round "5"]
[White "Kotronias, Vasilios"]
[Black "Atalik, Suat"]
[Result "1-0"]
[WhiteElo "2555"]
[BlackElo "2585"]
[Annotator "Atalik,S"]
[PlyCount "85"]
[EventDate "1998.10.24"]
[EventType "swiss"]
[EventRounds "11"]
[EventCountry "GRE"]
[SourceTitle "EXT 2002"]
[Source "ChessBase"]
[SourceDate "2001.11.25"]
[SourceVersion "1"]
[SourceVersionDate "2001.11.25"]
[SourceQuality "1"]

1. e4 e5 2. Nf3 Nc6 3. Bb5 Nf6 4. O-O Nxe4 5. d4 Nd6 6. Bxc6 dxc6 7. dxe5 Nf5
8. Qxd8+ Kxd8 9. Nc3 Ke8 10. h3 Ne7 11. Re1 Ng6 (11... Nd5 12. Bd2 $1 (12. Ne4
Nb4 13. Re2 Bf5 14. Nd4 Bxe4 15. Rxe4 Bc5 16. c3 Bxd4 17. cxd4 Kd7 $15)) 12.
Ne4 h6 13. Nd4 c5 $1 14. Nb5 Kd7 15. f4 Kc6 16. a4 Be7 17. g4 $2 h5 18. Nf2 Nh4
$2 (18... Bh4 19. f5 Ne7 20. e6 fxe6 21. fxe6 hxg4 22. hxg4 Rf8 23. Be3 Nd5 $17
) 19. Re3 g6 20. Rc3 b6 21. b4 a6 $2 (21... Kb7 22. bxc5 Bxc5 23. Ba3 (23. Rb1
hxg4 24. hxg4 Be6 $17) 23... a6) 22. Nd4+ Kb7 $4 (22... Kd5 23. Nb3 c4 24. Ba3
$1 (24. Be3 Nf3+ 25. Kg2 Bb7 $3 26. Kxf3 Bxb4) 24... hxg4 25. Rd1+ Kc6 26. b5+
Kb7 27. Bxe7 cxb3 28. bxa6+ Rxa6 29. cxb3 gxh3 30. Bf6 $16) (22... Kd7 23. bxc5
Bxc5 24. Nb3 (24. Rd3 Bxd4 25. Rxd4+ Ke8 26. Ra3 Bb7 27. Rdd3) 24... Bxf2+ 25.
Kxf2 hxg4 26. hxg4 Bb7 $16 (26... Ke8 $2 27. Kg3 $18)) 23. bxc5 Be6 (23... Bxc5
24. Rxc5 bxc5 25. Rb1+ Ka7 26. Nc6#) 24. Ba3 Bxc5 25. Bxc5 bxc5 26. Rb1+ Kc8
27. Nxe6 fxe6 28. Ne4 Kd7 29. Nxc5+ Ke7 30. Ne4 Ra7 31. Kf2 g5 32. Nxg5 Ng6 33.
Ke3 hxg4 34. hxg4 Rh4 35. Kf3 Nf8 36. Kg3 Rh6 37. Rb8 Nd7 38. Rc8 c5 39. a5 Rb7
40. Rb3 Ra7 41. Ne4 Rg6 42. Nd6 Nf6 43. exf6+ 1-0